Ruger SR 1911 .45 ACP

Bibliographic Details
Main Author: Dušek, Ondřej (Author)
Format: Article
Language:Czech
PhysicalDescription:Fotogr., tab.
ISSN:1212-5210
Subjects:

MARC

LEADER 00000nab a2200000 a 4500
001 vtls010354983
003 SK-MaSNL
005 20260303093427.0
008 120502|2012 xo m| 000 0 cze|
015 |a SNBRB2012/05  |2 lmaosk 
040 |a LMAOSK  |b slo  |c LMAOSK  |e AACR2 
041 0 |a cze 
044 |a xo  |c SK 
080 |a 623.443.3  |2 1981 
100 1 |a Dušek, Ondřej  |4 aut  |9 1092569 
245 1 0 |a Ruger SR 1911 .45 ACP  |c Ondřej Dušek 
300 |b Fotogr., tab. 
650 0 7 |a Ruger SR 1911 (pištoľ)  |x technické údaje  |x test  |2 snkbucl  |9 1104566 
650 0 7 |a pištole  |2 SNKPH  |9 13774 
650 0 7 |a konštrukcie zbraní  |2 SNKPH  |9 106824 
773 0 |t Zbraně & náboje : časopis muže, který zná svůj cíl  |g Roč. XIV, č. 5 (2012), s. 20-23  |x 1212-5210 
852 |a LMAOSK  |b KIS3GCP 
958 |a US 
999 |c 1815595  |d 1817525